América Latina : (Registro nro. 5943)

Detalles MARC
000 -LEADER
fixed length control field 01207nam a2200265Ia 4500
003 - CONTROL NUMBER IDENTIFIER
control field OSt
005 - DATE AND TIME OF LATEST TRANSACTION
control field 20200905113831.0
008 - FIXED-LENGTH DATA ELEMENTS--GENERAL INFORMATION
fixed length control field 191128s1992 ck ad gr 000 0 spa d
040 ## - CATALOGING SOURCE
Original cataloging agency CO-JMCR
Transcribing agency CO-JMCR
041 0# - LANGUAGE CODE
Language code of text/sound track or separate title spa
082 04 - DEWEY DECIMAL CLASSIFICATION NUMBER
Classification number 362.5 /
Item number B388a
Edition number 23
100 1# - MAIN ENTRY--PERSONAL NAME
Personal name Beccaria, Luis Alberto,
Relator term autor
9 (RLIN) 9839
245 10 - TITLE STATEMENT
Title América Latina :
Remainder of title el reto de la pobreza : conceptos, métodos, magnitud, características y evolución /
Statement of responsibility, etc. Luis A. Beccario, Julio Boltvinik, Juan Carlos Feres [ y otros 3]
260 ## - PUBLICATION, DISTRIBUTION, ETC.
Place of publication, distribution, etc. Bogotá :
Name of publisher, distributor, etc. Programa de las Naciones Unidas para el Desarrollo,
Date of publication, distribution, etc. 1992
300 ## - PHYSICAL DESCRIPTION
Extent 501 páginas :
Other physical details gráficos a blanco y negro ;
Dimensions 23 cm.
490 0# - SERIES STATEMENT
Series statement Proyecto Regional para la Superación de la Pobreza ;
Volume/sequential designation 6
500 ## - GENERAL NOTE
General note Incluye notas a pie de página.
505 0# - FORMATTED CONTENTS NOTE
Formatted contents note Aspectos conceptuales y metodológicos -- La pobreza en América Latina -- Brechas en las satisfacciones de las necesidades básicas
650 14 - SUBJECT ADDED ENTRY--TOPICAL TERM
Topical term or geographic name entry element Pobreza
Geographic subdivision América Latina
9 (RLIN) 9840
650 14 - SUBJECT ADDED ENTRY--TOPICAL TERM
Topical term or geographic name entry element Condiciones económicas
Geographic subdivision América Latina
9 (RLIN) 9841
651 #4 - SUBJECT ADDED ENTRY--GEOGRAPHIC NAME
Geographic name América Latina
General subdivision condiciones sociales
9 (RLIN) 9842
700 1# - ADDED ENTRY--PERSONAL NAME
Personal name Boltvinik, Julio,
Relator term autor
9 (RLIN) 4390
700 1# - ADDED ENTRY--PERSONAL NAME
Personal name Feres, Juan Carlos,
Relator term autor
9 (RLIN) 9843
942 ## - ADDED ENTRY ELEMENTS (KOHA)
Source of classification or shelving scheme Dewey Decimal Classification
Koha item type Books
Existencias
Withdrawn status Lost status Source of classification or shelving scheme Damaged status Not for loan Collection code Home library Current library Date acquired Source of acquisition Full call number Barcode Date last seen Copy number Koha item type
    Dewey Decimal Classification     Non-fiction Biblioteca Pública José María del Castillo y Rada Biblioteca Pública José María del Castillo y Rada 04/15/2018 Donación 362.5 / B388a 430010714 05/16/2024 Ej.1 Books